Thành công nhờ quản lý : Quản lý khoa học là mấu chốt thành công của doanh nghiệp

Cuốn sách chọn lọc ra 20 công cụ quản lí thực dụng nhất có sức ảnh hưởng nhất và cách sử dụng mỗi công cụ trong mỗi tình huống cụ thể giúp người quản lí năm bắt được chức năng của mỗi công cụ để chọn cho mình công cụ quản lí thích...

وصف كامل

محفوظ في:
التفاصيل البيبلوغرافية
المؤلف الرئيسي: Vương, Đào
التنسيق: كتاب
اللغة:Undetermined
منشور في: Hà Nội Từ điển Bách khoa 2005
الموضوعات:
الوسوم: إضافة وسم
لا توجد وسوم, كن أول من يضع وسما على هذه التسجيلة!
Thư viện lưu trữ: Trung tâm Học liệu Trường Đại học Cần Thơ
LEADER 01073nam a2200229Ia 4500
001 CTU_101128
008 210402s9999 xx 000 0 und d
020 |c 40000 
082 |a 658.4 
082 |b Đ108 
100 |a Vương, Đào 
245 0 |a Thành công nhờ quản lý : 
245 0 |b Quản lý khoa học là mấu chốt thành công của doanh nghiệp 
245 0 |c Vương Đào (biên soạn) 
260 |a Hà Nội 
260 |b Từ điển Bách khoa 
260 |c 2005 
520 |a Cuốn sách chọn lọc ra 20 công cụ quản lí thực dụng nhất có sức ảnh hưởng nhất và cách sử dụng mỗi công cụ trong mỗi tình huống cụ thể giúp người quản lí năm bắt được chức năng của mỗi công cụ để chọn cho mình công cụ quản lí thích hợp. 
650 |a Business enterprises,Executives 
650 |x Management 
904 |i Minh 
980 |a Trung tâm Học liệu Trường Đại học Cần Thơ